LPI Linux certification in a nutshell : a desktop quick reference

Αποθηκεύτηκε σε:
Λεπτομέρειες βιβλιογραφικής εγγραφής
Κύριος συγγραφέας: Dean, Jeffrey J.
Μορφή: Βιβλίο
Γλώσσα:English
Δημοσίευση: Beijing : O'Reilly, c2001
Σειρά:Nutshell handbook
Θέματα:
Ετικέτες: Προσθήκη ετικέτας
Δεν υπάρχουν, Καταχωρήστε ετικέτα πρώτοι!

MARC

LEADER 00000nam a2200000 i 4500
001 1/74249
008 050323s2001 eng d
020 |a 1-56592-748-6 (hbk.) 
035 |l 10077328 
040 |a GR-MY-UA  |b gre  |e aacr 
041 0 |a eng 
082 0 |a 005.4469  |2 (21) 
100 1 |a Dean, Jeffrey J. 
245 1 0 |a LPI Linux certification in a nutshell :  |b a desktop quick reference /  |c Jeffrey Dean 
260 |a Beijing :   |b O'Reilly,   |c c2001 
300 |a xvi, 551 σ.;  |b εικ.;  |c 23 εκ. 
490 1 |a Nutshell handbook 
500 |a Covers exams 101 and 102 for LPI level 1 
504 |a Περιλαμβάνει ευρετήριο 
630 0 0 |a Linux. 
650 0 0 |a Electronic data processing personnel  |x Certification. 
650 0 0 |a Operating systems (Computers)  |x Certification  |x Study guides. 
830 0 |a Nutshell handbook 
852 |a INST  |b CHIOS  |e 20050323  |h 005.4469 DEA  |p 005200022228  |q 005200022228  |t BK  |y 0 
901 |a BIBL2-2005-1 
909 |a Χ  |b 112657 
920 |a ΔΙΕΥΡΥΝΣΗ  |b ΕΠΕΑΕΚ-ΤΜΟΔ  |y ΧΙΟΣ  |z 2004-12 
970 |a ΣΠΕΝΤΖΑ  |b ΕΛΕΝΗ  |z 2005/03/23